AH International Schools' Libraries

Hero : (Record no. 50083)

MARC details
000 -LEADER
fixed length control field 02151nam a2200253 4500
020 ## - INTERNATIONAL STANDARD BOOK NUMBER
International Standard Book Number 9781400071098
Qualifying information pbk.
035 ## - SYSTEM CONTROL NUMBER
System control number 15496928
040 ## - CATALOGING SOURCE
Original cataloging agency DLC
Transcribing agency DLC
Modifying agency DLC
050 00 - LIBRARY OF CONGRESS CALL NUMBER
Classification number BT703.5
Item number .S76 2009
082 00 - DEWEY DECIMAL CLASSIFICATION NUMBER
Classification number 248.8/42
Edition number 22
100 1# - MAIN ENTRY--PERSONAL NAME
Personal name Stoeker, Fred,
Relator term author.
9 (RLIN) 34722
245 10 - TITLE STATEMENT
Title Hero :
Remainder of title becoming the man she desires /
Statement of responsibility, etc Fred Stoeker with Jasen Stoeker with Mike Yorkey.
250 ## - EDITION STATEMENT
Edition statement 1st ed.
260 ## - PUBLICATION, DISTRIBUTION, ETC. (IMPRINT)
Place of publication, distribution, etc Colorado Springs, Colo. :
Name of publisher, distributor, etc WaterBrook Press,
Date of publication, distribution, etc 2009.
300 ## - PHYSICAL DESCRIPTION
Extent xv, 218 p. ;
Dimensions 23 cm.
520 ## - SUMMARY, ETC.
Summary, etc You already know it s not easy being a single man in this culture today. But it is easy to be overwhelmed, to feel helpless and hopeless about living by God s high standards for singles. It s easy to cave in to the pressures of this sex-soaked world and accept defeat blaming the media, the culture, even girlfriends who don t know how tough it can be.<br/><br/>But many men have read books like Every Young Man s Battle and Tactics and have committed themselves to stand strong and pure in the power of God, and to go on the offensive against the onslaught of negative stereotypes. Some have suffered. Some have fallen. But many have experienced victory and you can be among them.<br/><br/>What makes those committed men so desirable to women? Be Her Hero is their motto. From best-selling author Fred Stoeker, along with his son Jasen, come the straightforward insight and real-life examples you re looking for to help you take personal purity to its logical conclusion. Here s straight truth with irrefutable evidence of what makes an ultimate hero to women who long for men of faith men who stand by their convictions and make their world a safer and better place.<br/><br/>Are you ready to accept the challenge?<br/>
650 ## - SUBJECT ADDED ENTRY--TOPICAL TERM
Topical term or geographic name as entry element Men (Christian theology)
9 (RLIN) 2501
650 ## - SUBJECT ADDED ENTRY--TOPICAL TERM
Topical term or geographic name as entry element Sex role
General subdivision Religious aspects
-- Christianity.
9 (RLIN) 87098
700 ## - ADDED ENTRY--PERSONAL NAME
Personal name Stoeker, Jasen.
9 (RLIN) 87099
700 1# - ADDED ENTRY--PERSONAL NAME
Personal name Yorkey, Mike.
9 (RLIN) 34723
942 ## - ADDED ENTRY ELEMENTS (KOHA)
Source of classification or shelving scheme
Koha item type Book
Holdings
Withdrawn status Lost status Source of classification or shelving scheme Damaged status Not for loan Home library Current library Date acquired Total Checkouts Full call number Barcode Date last seen Price effective from Koha item type
          Logos International School Logos International School 01/15/2026   248.842 STO 040815 01/20/2026 01/15/2026 Book

For any Logos Library related questions please contact Miss Art at swongnarasuk@asianhope.org.

For any Asian Hope Library related questions please contact Miss Raza at graza@asianhope.org.

Click here to explore our ebooks!

Powered by Koha